Đồ họa vi tính

Gorde:
Xehetasun bibliografikoak
Egile nagusia: Hoàng Đức Hải
Formatua: Liburua
Hizkuntza:Undetermined
Argitaratua: Hà Nội Giáo Dục 1999
Gaiak:
Etiketak: Etiketa erantsi
Etiketarik gabe, Izan zaitez lehena erregistro honi etiketa jartzen!
Thư viện lưu trữ: Trung tâm Học liệu Trường Đại học Cần Thơ
LEADER 00566nam a2200169Ia 4500
001 CTU_42025
008 210402s9999 xx 000 0 und d
082 |a 006.6 
082 |b Đ552/T2 
100 |a Hoàng Đức Hải 
245 0 |a Đồ họa vi tính 
245 0 |c Hoàng Đức Hải, Huỳnh Văn Đức, Nguyễn Quốc Cường 
260 |a Hà Nội 
260 |b Giáo Dục 
260 |c 1999 
650 |a computer drawing languages,computer graphics - computer programs 
980 |a Trung tâm Học liệu Trường Đại học Cần Thơ